| 000 | 00553nam a22001817a 4500 | ||
|---|---|---|---|
| 005 | 20260622171137.0 | ||
| 010 | _aENG-148914 | ||
| 020 |
_c295.00 _a9789383848782 |
||
| 035 | _aEN-132446 | ||
| 037 | _bDBAD | ||
| 082 | _a341.48 | ||
| 245 |
_a@Human Rights/ _cEdited By Vijay Kumar Verma |
||
| 250 | _a1 | ||
| 260 |
_aNew Delhi _bPinnacle Learning _c2024 |
||
| 270 |
_bNew Delhi _a24, D.D.A Shopping Complex Ber Sarai, _e110016 _k65664085 _mpinnaclelearning@hotmail.com |
||
| 300 |
_a168p. _c22cm(pb) |
||
| 942 |
_2ddc _cEN _h341.48 _mHUM |
||
| 999 |
_c216776 _d216776 |
||